| 000 | 01227nam a22003497a 4500 | ||
|---|---|---|---|
| 003 | CHAP | ||
| 005 | 20220329135434.0 | ||
| 008 | 971013s1984 r 00010 d | ||
| 010 | _a36470 | ||
| 011 | _a37442 | ||
| 035 | _a41562 | ||
| 040 | _cCHAP | ||
| 082 |
_a551.5 _bM43 |
||
| 110 |
_aMéxico. Dirección de Hidrología _976942 |
||
| 245 | _aInforme técnico del estudio agroclimatológico del Distrito de Temporal Cholula, Pue. | ||
| 260 |
_aMéxico, D.F. : _bLa Dirección, _c1984 |
||
| 300 | _av | ||
| 500 | _aLa biblioteca tiene: v.2-4 | ||
| 590 |
_aBATCH-UPD _b10 _c20130109 _lUCH01 _h2326 |
||
| 590 |
_aBATCH-UPD _b10 _c20130110 _lUCH01 _h1732 |
||
| 590 |
_aBATCH-UPD _b10 _c20130410 _lUCH01 _h1113 |
||
| 590 |
_aBATCH-UPD _b10 _c20130914 _lUCH01 _h1209 |
||
| 590 |
_aCONVERSION _b10 _c20130109 _lUCH01 _h1320 |
||
| 650 | 1 | 4 |
_aClima _xPuebla. _923840 |
| 650 | 1 | 4 |
_aDistrito de Temporal No. 3. _932962 |
| 650 | 1 | 4 |
_aMeteorología agrícola. _975217 |
| 901 | _aBK | ||
| 942 | _cLIBRO | ||
| 949 |
_a551.5 M43 _bBC _cLIBRO _d33724000942074 _eLIBRO _fv.4 _h63913 _i41562 _mD _si |
||
| 949 |
_a551.5 M43 _bBC _cLIBRO _d415621 _eLIBRO _fv.2 _h72657 _i41562 _mD _sb |
||
| 949 |
_a551.5 M43 _bBC _cLIBRO _d415622 _eLIBRO _fv.3 _h72658 _i41562 _mD _sb |
||
| 999 |
_c36470 _d36470 |
||